000
00207 a2200097 4500
001
14030
100
_a
Babrius, V
245
_a
Aesop's fables
260
_a
London
_b
Univ of chicago
_c
090
_c
10987
_d
10987
942
_a
NUST-CAE
_c
M
_c
1099
999
_c
249103
_d
249103